| 000 | 00524nam a2200205Ia 4500 | ||
|---|---|---|---|
| 008 | 170918s9999 xx 000 0 und d | ||
| 020 | _a9780545069274 | ||
| 050 | _bC622 2008 | ||
| 100 | _aClaybourne, Anna | ||
| 245 | _a100 most dangerous thing on the planet : | ||
| 245 | _bwhat to do if it happens to you / | ||
| 245 | _cAnna Claybourne. | ||
| 260 | _aNew York : | ||
| 260 | _bScholastic, | ||
| 260 | _c2008 | ||
| 300 | _a111 pages : | ||
| 300 | _bcolored illustration ; | ||
| 300 | _c23cm. | ||
| 500 | _a980 | ||
| 999 |
_c342220 _d342220 |
||